书目信息 |
| 题名: |
材料科技入门500天
|
|
| 作者: | 薛强 著 | |
| 分册: | ||
| 出版信息: | 北京 科学技术文献出版社 2021.09 |
|
| 页数: | 218页 | |
| 开本: | 24cm | |
| 丛书名: | ||
| 单 册: | ||
| 中图分类: | TB3 | |
| 科图分类: | ||
| 主题词: | 工程材料--gong cheng cai liao--研究 | |
| 电子资源: | ||
| ISBN: | 978-7-5189-8340-7 | |
| 000 | 00779nam0 2200217 450 | |
| 001 | 26634 | |
| 005 | 20220920140503.17 | |
| 010 | @a978-7-5189-8340-7@b精装@dCNY60.00 | |
| 100 | @a20220106d2021 em y0chiy50 ea | |
| 101 | 0 | @achi |
| 102 | @aCN@b110000 | |
| 105 | @ay z 000yy | |
| 200 | 1 | @a材料科技入门500天@Acai liao ke ji ru men 500 tian@f薛强著 |
| 210 | @a北京@c科学技术文献出版社@d2021.09 | |
| 215 | @a218页@d24cm | |
| 330 | @a本书分四部分, 南北西东看材料、向外上下学材料、材料处里写材料、规划司中想材料。内容包括: 2017年度高新工作会 ; 甘肃金川公司调研 ; 重庆邮电大学调研 ; 武汉理工大学调研等。 | |
| 606 | 0 | @a工程材料@Agong cheng cai liao@x研究 |
| 690 | @aTB3@v5 | |
| 701 | 0 | @a薛强@Axue qiang@4著 |
| 801 | 0 | @aCN@c20220910 |
| 905 | @a河南城建学院图书馆@dTB3@eX956@f2 | |
| 材料科技入门500天/薛强著.-北京:科学技术文献出版社,2021.09 |
| 218页;24cm |
| ISBN 978-7-5189-8340-7(精装):CNY60.00 |
| 本书分四部分, 南北西东看材料、向外上下学材料、材料处里写材料、规划司中想材料。内容包括: 2017年度高新工作会 ; 甘肃金川公司调研 ; 重庆邮电大学调研 ; 武汉理工大学调研等。 |
| ● |
| 相关链接 |
|
|
|
正题名:材料科技入门500天
索取号:TB3/X956
 
预约/预借
| 序号 | 登录号 | 条形码 | 馆藏地/架位号 | 状态 | 备注 |
| 1 | 1577929 | 215779290 | 自科库501/501自科库 9排2列3层/ [索取号:TB3/X956] | 在馆 | |
| 2 | 1577930 | 215779307 | 自科库501/501自科库 9排2列3层/ [索取号:TB3/X956] | 在馆 |